Carta a los romanos
Uloženo v:
| Hlavní autor: | |
|---|---|
| Médium: | Kniha |
| Jazyk: | španělština |
| Vydáno: |
Barcelona
Herder
1976
|
| Vydání: | 1a. ed |
| Edice: | Biblioteca Herder. Sección de Sagrada Escritura, 97
|
| Témata: | |
| Tagy: |
Přidat tag
Žádné tagy, Buďte první, kdo vytvoří štítek k tomuto záznamu!
|
MARC
| LEADER | 00000cam a2200000 a 4500 | ||
|---|---|---|---|
| 001 | UCL1713 | ||
| 003 | CL-VaPUC | ||
| 008 | 030926e19760000SP |||||||||||||||||spa|d | ||
| 020 | |a 842540634X | ||
| 082 | 0 | 4 | |a 227.1 |b KUS |2 21 |
| 100 | |a Kuss, Otto |e author |9 478662 | ||
| 245 | 1 | 0 | |a Carta a los romanos |
| 246 | 1 | 0 | |a Cartas a los Corintios |
| 246 | 1 | 0 | |a Carta a los Gálatas |
| 250 | |a 1a. ed | ||
| 300 | |a 453 p | ||
| 942 | |c BK | ||
| 945 | |d 20030926 00:00:00 |a rbrito | ||
| 260 | |a Barcelona |b Herder |c 1976 | ||
| 650 | 0 | |a Epístolas |9 321181 | |
| 650 | 0 | |a Nuevo testamento |9 257604 | |
| 583 | |a last modification |c 20170724 09:17:59 |k Rodrigo Vera | ||
| 490 | 0 | |a Biblioteca Herder. Sección de Sagrada Escritura, 97 | |
| 999 | |c 305154 |d 305152 | ||
| 952 | |0 0 |1 0 |4 0 |6 227_100000000000000_KUS_1976 |7 0 |8 A |9 368244 |a BIBTEO |b BIBTEO |d 2019-11-21 |i 2081679 |o 227.1 KUS 1976 |p 2081679 |r 2025-01-17 |w 2019-11-21 |y BK |k ICR | ||
| 952 | |0 0 |1 0 |3 erd |4 0 |6 227_100000000000000_KUS_1976 |7 0 |8 A |9 368245 |a BIBTEO |b BIBTEO |i 5411181 |l 2 |m 4 |o 227.1 KUS 1976 |p 5411181 |r 2025-01-17 |s 2024-06-27 |w 2019-11-21 |y BK |z Catalogado en:20170728 |k ICR | ||